[Event "4NCL Division 1b"]
[Site "Northampton, ENG"]
[Date "2017.01.14"]
[Round "3.51"]
[White "Wells, Peter K"]
[Black "Sadler, Matthew D"]
[Result "1/2-1/2"]
[WhiteElo "2427"]
[BlackElo "2672"]
[PlyCount "53"]
[EventDate "2017.01.14"]
[WhiteTeam "White Rose 1"]
[BlackTeam "Guildford 1"]

1. e4 e6 2. d4 d5 3. Nc3 Nf6 4. Bg5 dxe4 5. Nxe4 Be7 6. Bxf6 gxf6 7. Nf3 f5 8.
Nc3 c6 9. g3 Nd7 10. Bg2 b6 11. Qe2 Bb7 12. O-O-O Qc7 13. Ne5 Nxe5 14. dxe5 a6
15. f4 h5 16. h3 b5 17. g4 b4 18. Na4 hxg4 19. hxg4 Rxh1 20. Bxh1 Rd8 21. gxf5
Rxd1+ 22. Qxd1 exf5 23. Qd3 Qd7 24. Qxd7+ Kxd7 25. Kd2 f6 26. exf6 Bxf6 27.
Nc5+ 1/2-1/2

[Event "4NCL Division 1b"]
[Site "Northampton, ENG"]
[Date "2017.01.14"]
[Round "3.52"]
[White "Van Kampen, Robin"]
[Black "McNab, Colin A"]
[Result "1-0"]
[WhiteElo "2640"]
[BlackElo "2440"]
[PlyCount "81"]
[EventDate "2017.01.14"]
[WhiteTeam "Guildford 1"]
[BlackTeam "White Rose 1"]

1. e4 g6 2. d4 Bg7 3. Nc3 d6 4. Be3 Nf6 5. Qd2 c6 6. Bh6 Bxh6 7. Qxh6 Qa5 8.
Bd3 c5 9. Nf3 cxd4 10. Nxd4 Nc6 11. Bb5 Bd7 12. O-O-O Rc8 13. Kb1 Ne5 14. Nb3
Qc7 15. Bxd7+ Qxd7 16. Rhe1 Qc6 17. f4 Nc4 18. Rd3 Nd7 19. Qg7 Rf8 20. Qxh7 Nc5
21. Nxc5 Qxc5 22. Qh3 e6 23. Re2 Rc6 24. Nd1 Rb6 25. b3 Na3+ 26. Kc1 Nb5 27. a4
Qa3+ 28. Kb1 Qxa4 29. bxa4 Nc3+ 30. Kc1 Nxe2+ 31. Kd2 Nxf4 32. Qh4 Nxd3 33.
Kxd3 Rb1 34. Nc3 Rf1 35. Ke2 Rc1 36. Kd2 Rf1 37. Nb5 Kd7 38. e5 Rf5 39. Qd4 Rd8
40. Qxd6+ Kc8 41. Nxa7# 1-0

[Event "4NCL Division 1b"]
[Site "Northampton, ENG"]
[Date "2017.01.14"]
[Round "3.53"]
[White "Adair, James R"]
[Black "Edouard, Romain"]
[Result "0-1"]
[WhiteElo "2480"]
[BlackElo "2613"]
[PlyCount "70"]
[EventDate "2017.01.14"]
[WhiteTeam "White Rose 1"]
[BlackTeam "Guildford 1"]

1. e4 c5 2. Nf3 d6 3. d4 cxd4 4. Nxd4 Nf6 5. Nc3 a6 6. Be3 Qc7 7. f3 Nbd7 8. g4
h6 9. Qd2 b5 10. O-O-O b4 11. Nce2 Bb7 12. Qxb4 e5 13. Nb3 d5 14. Qa5 Rc8 15.
Qxc7 Rxc7 16. Ng3 dxe4 17. Na5 exf3 18. Nxb7 Nxg4 19. Nf5 Rxb7 20. Bxa6 Rb8 21.
Rhg1 h5 22. h3 Nxe3 23. Nxe3 g6 24. Kb1 Bc5 25. Rge1 Bd4 26. Nc4 O-O 27. Nxe5
Bxe5 28. Rxd7 Rxb2+ 29. Kc1 Rxa2 30. Rxe5 Rxa6 31. Kd2 f2 32. Ke2 Rf6 33. Kf1
Ra8 34. Rd1 Ra3 35. Kg2 Rxh3 0-1

[Event "4NCL Division 1b"]
[Site "Northampton, ENG"]
[Date "2017.01.14"]
[Round "3.54"]
[White "Pert, Nicholas"]
[Black "Palliser, Richard J D"]
[Result "1/2-1/2"]
[WhiteElo "2565"]
[BlackElo "2415"]
[PlyCount "77"]
[EventDate "2017.01.14"]
[WhiteTeam "Guildford 1"]
[BlackTeam "White Rose 1"]

1. d4 Nf6 2. Nf3 g6 3. g3 Bg7 4. Bg2 O-O 5. O-O d6 6. Nc3 d5 7. Re1 c6 8. e4
dxe4 9. Nxe4 Nxe4 10. Rxe4 Nd7 11. c3 Nf6 12. Re1 a5 13. a4 Nd5 14. Bd2 Bf5 15.
Qc1 Re8 16. Bh6 Bf6 17. h3 Qc7 18. g4 Bd7 19. Ne5 Rad8 20. Qc2 Bc8 21. Rad1 b6
22. Qe2 Be6 23. h4 c5 24. c4 Nb4 25. d5 Bd7 26. Bf4 Qc8 27. g5 Bg7 28. b3 Bh3
29. Nd3 Bxg2 30. Kxg2 e5 31. Bg3 e4 32. Nxb4 axb4 33. Qe3 Bc3 34. Re2 Qg4 35.
Kf1 Qh3+ 36. Kg1 Qg4 37. Kf1 Qh3+ 38. Kg1 Qg4 39. Kf1 1/2-1/2

[Event "4NCL Division 1b"]
[Site "Northampton, ENG"]
[Date "2017.01.14"]
[Round "3.55"]
[White "Gourlay, Iain"]
[Black "Zhou, Yang-Fan"]
[Result "0-1"]
[WhiteElo "2395"]
[BlackElo "2507"]
[PlyCount "64"]
[EventDate "2017.01.14"]
[WhiteTeam "White Rose 1"]
[BlackTeam "Guildford 1"]

1. c4 g6 2. g3 Bg7 3. Bg2 e5 4. Nc3 Nc6 5. Rb1 d6 6. b4 f5 7. b5 Nce7 8. d3 Nf6
9. Nf3 h6 10. Ba3 Be6 11. Nd2 Rb8 12. Qa4 O-O 13. Bb4 Nc8 14. c5 Rf7 15. cxd6
cxd6 16. O-O d5 17. e3 Ne8 18. Rfd1 g5 19. d4 e4 20. f4 gxf4 21. gxf4 Bf6 22.
Kh1 Bh4 23. Rf1 Rg7 24. Qd1 Nf6 25. Qe2 Bf7 26. Nb3 Bh5 27. Qd2 Nb6 28. Ba5 Qe8
29. Bxb6 axb6 30. Rg1 Kh8 31. Rbf1 Bg4 32. Rc1 Qh5 0-1

[Event "4NCL Division 1b"]
[Site "Northampton, ENG"]
[Date "2017.01.14"]
[Round "3.56"]
[White "Fernandez, Daniel Howard"]
[Black "Gantner, Matthias"]
[Result "1-0"]
[WhiteElo "2473"]
[BlackElo "2307"]
[PlyCount "85"]
[EventDate "2017.01.14"]
[WhiteTeam "Guildford 1"]
[BlackTeam "White Rose 1"]

1. d4 d6 2. g3 Nc6 3. Bg2 e5 4. dxe5 Nxe5 5. Nf3 Be7 6. O-O c6 7. Nxe5 dxe5 8.
Qxd8+ Bxd8 9. b3 Be6 10. Nc3 Nf6 11. Rd1 Be7 12. Na4 O-O 13. Be3 Nd5 14. Bc5
Rfe8 15. Bxe7 Rxe7 16. c4 Nf6 17. Nc5 Bf5 18. e4 Bg6 19. f3 b6 20. Na6 Ne8 21.
Bh3 f6 22. Nb4 c5 23. Nd5 Rb7 24. Be6+ Bf7 25. Bxf7+ Kxf7 26. f4 exf4 27. gxf4
Nc7 28. Kf2 Re8 29. Re1 Ne6 30. Ke3 g5 31. fxg5 Nxg5 32. Kd3 Re6 33. Re3 h6 34.
Rg1 Kf8 35. h4 Nf7 36. Reg3 Ne5+ 37. Kc3 Rh7 38. Rg8+ Kf7 39. Ra8 Nc6 40. Rgg8
Rxe4 41. Raf8+ Ke6 42. Nxf6 Re2 43. Nxh7 1-0

[Event "4NCL Division 1b"]
[Site "Northampton, ENG"]
[Date "2017.01.14"]
[Round "3.57"]
[White "Townsend, M Paul"]
[Black "Hebden, Mark L"]
[Result "1-0"]
[WhiteElo "2179"]
[BlackElo "2501"]
[PlyCount "117"]
[EventDate "2017.01.14"]
[WhiteTeam "White Rose 1"]
[BlackTeam "Guildford 1"]

1. d4 Nf6 2. Nf3 d6 3. c4 g6 4. Nc3 Bg7 5. e3 Nbd7 6. Be2 e5 7. O-O O-O 8. b4
Re8 9. Qc2 a5 10. b5 e4 11. Nd2 Qe7 12. Ba3 Nf8 13. Nd5 Nxd5 14. cxd5 b6 15.
Rfc1 Ra7 16. Qb3 a4 17. Qc2 Bf5 18. Rab1 h5 19. Rb4 Nh7 20. Rc4 Rc8 21. Rc6 Nf6
22. Bxd6 Qd7 23. Bxc7 Nxd5 24. Bd6 Re8 25. Nc4 Qd8 26. Ba3 Bxd4 27. Nd6 Be5 28.
Nxe8 Qxe8 29. Rd1 Nf6 30. Bd6 Rb7 31. Bxe5 Qxe5 32. Qc3 Qxc3 33. Rxc3 Be6 34.
a3 Nd7 35. Rd6 Nc5 36. Bc4 Bxc4 37. Rxc4 Kf8 38. Kf1 Ke7 39. Rc6 g5 40. Ke2 h4
41. h3 f6 42. Rd4 Kf7 43. Rdd6 Nd7 44. Kd2 Ne5 45. Rc8 Nd3 46. f3 Ne5 47. f4
Nd7 48. fxg5 fxg5 49. Kc3 Nf6 50. Rcc6 Ne8 51. Re6 Rd7 52. Rxe4 Rd5 53. Rxb6
Nd6 54. Rxd6 Rxd6 55. Rxa4 Ke7 56. Rd4 Re6 57. Kd3 Rf6 58. a4 Rf2 59. b6 1-0

[Event "4NCL Division 1b"]
[Site "Northampton, ENG"]
[Date "2017.01.14"]
[Round "3.58"]
[White "Milliet, Sophie"]
[Black "Sucikova, Svetlana"]
[Result "0-1"]
[WhiteElo "2387"]
[BlackElo "2044"]
[PlyCount "66"]
[EventDate "2017.01.14"]
[WhiteTeam "Guildford 1"]
[BlackTeam "White Rose 1"]

1. e4 c6 2. d4 d5 3. Nc3 dxe4 4. Nxe4 Bf5 5. Ng3 Bg6 6. Nh3 e6 7. Bc4 Nf6 8.
O-O Bd6 9. f4 O-O 10. f5 exf5 11. Nxf5 Bxf5 12. Rxf5 Nbd7 13. Bg5 Qc7 14. Kh1
Rae8 15. Qf3 c5 16. Bb5 Re6 17. Rf1 cxd4 18. Bxd7 Qxd7 19. Bxf6 Rxf6 20. Rxf6
gxf6 21. Qxf6 Be7 22. Qf2 Qg4 23. Nf4 Bg5 24. Nd3 Be3 25. Qf6 Qg7 26. Qf5 Qg6
27. Qf3 Qc6 28. Qg4+ Qg6 29. Qh4 Rc8 30. Ne5 Qg5 31. Qe4 Re8 32. Rf5 Qg7 33.
Rxf7 Qxf7 0-1

[Event "4NCL Division 1b"]
[Site "Northampton, ENG"]
[Date "2017.01.14"]
[Round "3.61"]
[White "Speelman, Jon S"]
[Black "Sowray, Peter J"]
[Result "1-0"]
[WhiteElo "2526"]
[BlackElo "2320"]
[PlyCount "65"]
[EventDate "2017.01.14"]
[WhiteTeam "Wood Green HK"]
[BlackTeam "Barbican 4NCL 2"]

1. d4 d5 2. Nf3 Nf6 3. c4 e6 4. Nc3 Bb4 5. e3 O-O 6. Bd3 b6 7. a3 Bxc3+ 8. bxc3
c6 9. O-O Ba6 10. Qe2 Nbd7 11. a4 Qc7 12. Ba3 Rfe8 13. Nd2 c5 14. Rfc1 Rad8 15.
h3 Nf8 16. Bb2 Ng6 17. a5 bxa5 18. Ba3 e5 19. cxd5 Bxd3 20. Qxd3 e4 21. Qb5
Rxd5 22. Bxc5 Nh4 23. Qxa5 Qc8 24. Qa6 Qf5 25. Bd6 Qg5 26. Bg3 h5 27. Bxh4 Qxh4
28. Ra5 Rxa5 29. Qxa5 Re6 30. Rb1 Nd7 31. Qxa7 Rf6 32. Qa8+ Kh7 33. Qxe4+ 1-0

[Event "4NCL Division 1b"]
[Site "Northampton, ENG"]
[Date "2017.01.14"]
[Round "3.62"]
[White "Tarhon, Brian"]
[Black "Haria, Ravi"]
[Result "0-1"]
[WhiteElo "2326"]
[BlackElo "2382"]
[PlyCount "128"]
[EventDate "2017.01.14"]
[WhiteTeam "Barbican 4NCL 2"]
[BlackTeam "Wood Green HK"]

1. e4 e6 2. d4 d5 3. Nd2 dxe4 4. Nxe4 Bd7 5. Bd3 Bc6 6. Nf3 Nd7 7. O-O Ngf6 8.
Qe2 Nxe4 9. Bxe4 Bxe4 10. Qxe4 c6 11. b3 Nf6 12. Qe2 Be7 13. Bb2 O-O 14. Rad1
Qa5 15. a3 Qh5 16. c4 Rfe8 17. Rd3 Rad8 18. Rfd1 Bd6 19. h3 Qf5 20. Ne5 h6 21.
a4 Re7 22. Bc3 Nh5 23. Qf3 Qxf3 24. Nxf3 Red7 25. g3 Bc7 26. R3d2 Nf6 27. Re1
Kh7 28. Kg2 Ng8 29. Red1 Ne7 30. Bb4 Nf5 31. g4 Nd6 32. Ne5 Re7 33. Re2 Kg8 34.
Rd3 Ree8 35. Rf3 f6 36. Nd3 Nf7 37. Bc3 Re7 38. Rfe3 Rde8 39. f4 Bd6 40. c5 Bc7
41. h4 h5 42. g5 Kf8 43. b4 Nh8 44. Re4 Ng6 45. Kg3 Kf7 46. b5 Rd7 47. Rb2 Rd5
48. bxc6 bxc6 49. gxf6 gxf6 50. Rf2 Rf5 51. Kh3 Rb8 52. Bd2 Rb3 53. Re3 Rb1 54.
Re1 Rxe1 55. Bxe1 Rxf4 56. Nxf4 Nxf4+ 57. Rxf4 Bxf4 58. Kg2 e5 59. dxe5 Bxe5
60. Kf3 Ke6 61. Ke4 f5+ 62. Kd3 Kd5 63. Bf2 Bf6 64. Ke3 Bd4+ 0-1

[Event "4NCL Division 1b"]
[Site "Northampton, ENG"]
[Date "2017.01.14"]
[Round "3.63"]
[White "McDonald, Neil"]
[Black "Rogers, Jonathan W"]
[Result "0-1"]
[WhiteElo "2416"]
[BlackElo "2288"]
[PlyCount "102"]
[EventDate "2017.01.14"]
[WhiteTeam "Wood Green HK"]
[BlackTeam "Barbican 4NCL 2"]

1. e4 e5 2. Nf3 Nc6 3. Bb5 Nge7 4. c4 Ng6 5. Nc3 Nd4 6. Nxd4 exd4 7. Ne2 d3 8.
Ng3 c6 9. Ba4 Bc5 10. O-O d6 11. b4 Bd4 12. Rb1 Ne5 13. b5 c5 14. Bb2 Bxb2 15.
Rxb2 Nxc4 16. Rb1 Qa5 17. b6+ Kf8 18. Rb5 Qxd2 19. Qa1 Nxb6 20. Bb3 Bd7 21. Rd1
Qh6 22. Rxb6 axb6 23. Rxd3 Bb5 24. Nf5 Qf6 25. Qxf6 gxf6 26. Rxd6 c4 27. Bd1
Rxa2 28. Rd8+ Be8 29. g3 Rg8 30. h4 c3 31. Rc8 Ra1 32. Ne3 Rc1 33. Kg2 Kg7 34.
Rc7 Bc6 35. Bb3 Bxe4+ 36. f3 Bg6 37. g4 h5 38. Kg3 c2 39. Kf4 Rb1 40. Bxc2 Rc1
41. gxh5 Bxc2 42. Rxc2 Rxc2 43. Nxc2 Kh6 44. Ne3 Kxh5 45. Nd5 Kxh4 46. Nxb6 Rd8
47. Kf5 Rd4 48. Nc8 b5 49. Kxf6 b4 50. Ne7 Rf4+ 51. Ke5 Rxf3 0-1

[Event "4NCL Division 1b"]
[Site "Northampton, ENG"]
[Date "2017.01.14"]
[Round "3.64"]
[White "Franklin, Samuel G A"]
[Black "Weaving, Richard"]
[Result "1-0"]
[WhiteElo "2305"]
[BlackElo "2335"]
[PlyCount "61"]
[EventDate "2017.01.14"]
[WhiteTeam "Barbican 4NCL 2"]
[BlackTeam "Wood Green HK"]

1. e4 c5 2. Nf3 e6 3. d4 cxd4 4. Nxd4 Nc6 5. Nc3 Qc7 6. Be3 a6 7. Qd2 Nf6 8.
O-O-O Be7 9. f3 b5 10. Nxc6 dxc6 11. g4 e5 12. h4 O-O 13. Bh3 Qa5 14. Qf2 Rb8
15. g5 Nh5 16. Kb1 b4 17. Ne2 Bxh3 18. Rxh3 Rfd8 19. Rhh1 c5 20. f4 exf4 21.
Nxf4 Nxf4 22. Qxf4 c4 23. Rhf1 Rxd1+ 24. Rxd1 Rd8 25. Rf1 Rf8 26. Bd4 Qb5 27.
Bf6 Qc5 28. h5 Kh8 29. Be5 Bxg5 30. Qxg5 f6 31. Qf5 1-0

[Event "4NCL Division 1b"]
[Site "Northampton, ENG"]
[Date "2017.01.14"]
[Round "3.65"]
[White "Fitzsimons, David"]
[Black "O'Toole, George E"]
[Result "1-0"]
[WhiteElo "2373"]
[BlackElo "2268"]
[PlyCount "69"]
[EventDate "2017.01.14"]
[WhiteTeam "Wood Green HK"]
[BlackTeam "Barbican 4NCL 2"]

1. e4 e5 2. Nf3 Nc6 3. Bc4 Bc5 4. c3 Nf6 5. d3 a6 6. O-O d6 7. Bb3 Ba7 8. Nbd2
O-O 9. h3 Nh5 10. Nc4 h6 11. Nfxe5 Nxe5 12. Nxe5 Ng3 13. Qf3 Nxf1 14. Nxf7 Qf6
15. Qxf6 gxf6 16. Nxd6+ Kg7 17. Nxc8 Raxc8 18. Kxf1 c5 19. Bd5 Rc7 20. Bf4 Rd7
21. Be3 b5 22. a3 f5 23. c4 fxe4 24. dxe4 bxc4 25. Bxc4 a5 26. a4 Re7 27. Rd1
Rfe8 28. f3 Re5 29. Rd7+ R5e7 30. Rd6 Bb8 31. Rxh6 Rxe4 32. fxe4 Rxe4 33. Rh7+
Kf6 34. Rf7+ Kg6 35. Bd3 1-0

[Event "4NCL Division 1b"]
[Site "Northampton, ENG"]
[Date "2017.01.14"]
[Round "3.66"]
[White "Poobalasingam, Peter S"]
[Black "Cooper, Lawrence H"]
[Result "0-1"]
[WhiteElo "2216"]
[BlackElo "2348"]
[PlyCount "70"]
[EventDate "2017.01.14"]
[WhiteTeam "Barbican 4NCL 2"]
[BlackTeam "Wood Green HK"]

1. d3 d5 2. Nd2 e5 3. Ngf3 Nc6 4. e4 Nf6 5. Be2 dxe4 6. dxe4 Bc5 7. O-O O-O 8.
c3 a5 9. Qc2 Qe7 10. Nc4 h6 11. Ne3 Be6 12. Bb5 Na7 13. Bd3 Nc6 14. Bb5 Na7 15.
Be2 Nc6 16. h3 Rfd8 17. Re1 Ba7 18. Bf1 Qc5 19. a3 Ne7 20. Nf5 Bxf5 21. exf5 e4
22. Be3 Qxf5 23. Nd4 Qg6 24. Qb3 Bb6 25. Nb5 Bxe3 26. Rxe3 Nf5 27. Ree1 c6 28.
Nc7 Rab8 29. Red1 Rxd1 30. Rxd1 e3 31. g4 exf2+ 32. Kxf2 Ne4+ 33. Kg1 Qg5 34.
Re1 Qf4 35. Re2 Nfg3 0-1

[Event "4NCL Division 1b"]
[Site "Northampton, ENG"]
[Date "2017.01.14"]
[Round "3.67"]
[White "Pein, Malcolm"]
[Black "Goldie, Thomas"]
[Result "1-0"]
[WhiteElo "2344"]
[BlackElo "2146"]
[PlyCount "59"]
[EventDate "2017.01.14"]
[WhiteTeam "Wood Green HK"]
[BlackTeam "Barbican 4NCL 2"]

1. Nf3 Nf6 2. d4 d5 3. c4 c6 4. Nc3 dxc4 5. a4 Bf5 6. e3 e6 7. Bxc4 Bb4 8. O-O
Nbd7 9. Qe2 Bg6 10. Rd1 O-O 11. Ne5 Qe7 12. Nxg6 hxg6 13. e4 e5 14. d5 Rfd8 15.
Bg5 Nc5 16. f3 a5 17. Qc2 Rac8 18. dxc6 bxc6 19. Na2 Rxd1+ 20. Rxd1 Ncd7 21.
Nxb4 Qxb4 22. Be3 Rb8 23. b3 Nf8 24. Qd2 c5 25. Qxb4 cxb4 26. Rd6 Ra8 27. Rb6
N8d7 28. Rb7 Kf8 29. g4 Rd8 30. Ra7 1-0

[Event "4NCL Division 1b"]
[Site "Northampton, ENG"]
[Date "2017.01.14"]
[Round "3.68"]
[White "Lauterbach, Ingrid"]
[Black "Longson, Sarah N"]
[Result "0-1"]
[WhiteElo "2110"]
[BlackElo "2185"]
[PlyCount "162"]
[EventDate "2017.01.14"]
[WhiteTeam "Barbican 4NCL 2"]
[BlackTeam "Wood Green HK"]

1. Nf3 d5 2. g3 c6 3. Bg2 Bg4 4. h3 Bh5 5. d4 Nd7 6. O-O e6 7. b3 Bd6 8. Bb2
Ne7 9. Nbd2 O-O 10. e4 dxe4 11. Nxe4 Bc7 12. c4 Bg6 13. Nh4 Bxe4 14. Bxe4 Nf6
15. Bg2 Bb6 16. Nf3 Nf5 17. g4 Ne7 18. Qc2 Ng6 19. Rfd1 Nf4 20. Bf1 Rc8 21. Bc1
Bc7 22. Ne5 Ng6 23. f4 Qe7 24. Be3 Bb6 25. Bg2 Rfd8 26. Qf2 Nd7 27. Nf3 Nf6 28.
Ng5 Re8 29. Re1 h6 30. Ne4 Nxe4 31. Bxe4 Qf6 32. Rad1 Rcd8 33. Rf1 Bc7 34. Kh1
a5 35. a4 Nf8 36. Qg2 Qh4 37. Bc2 Nd7 38. Bg1 Nf8 39. Bh2 Bb6 40. Bg1 Bc7 41.
Be3 Nd7 42. Qf3 Nf8 43. Kg2 Qf6 44. Qe4 Qh4 45. Bg1 Bb6 46. Bf2 Qf6 47. Kh2 Ng6
48. c5 Bc7 49. Bg3 Rd5 50. f5 Bxg3+ 51. Kxg3 Qh4+ 52. Kg2 Nf8 53. Bd3 Qd8 54.
Bc4 exf5 55. Qd3 Ng6 56. gxf5 Nh4+ 57. Kh1 Qd7 58. Qg3 Nxf5 59. Qf3 Re3 60.
Bxd5 Rxf3 61. Bxf3 Ng3+ 62. Kg2 Nxf1 63. Kxf1 Qxh3+ 64. Kf2 Qh2+ 65. Ke3 Qc2
66. Rd3 f5 67. Bd1 Qc1+ 68. Ke2 g5 69. Rd2 f4 70. Kd3 Kg7 71. Bf3 Qb1+ 72. Kc3
Qe1 73. Kc2 Qe3 74. Rd3 Qg1 75. Rd2 Qg3 76. Bh5 f3 77. d5 cxd5 78. Rxd5 Qh2+
79. Kd3 Qxh5 80. Rd7+ Kf6 81. Rxb7 f2 0-1

[Event "4NCL Division 1b"]
[Site "Northampton, ENG"]
[Date "2017.01.14"]
[Round "3.71"]
[White "Tan, Justin"]
[Black "Lewis, Andrew P"]
[Result "1-0"]
[WhiteElo "2451"]
[BlackElo "2278"]
[PlyCount "77"]
[EventDate "2017.01.14"]
[WhiteTeam "Oxford 1"]
[BlackTeam "Anglian Avengers 1"]

1. e4 c5 2. Nf3 d6 3. d4 cxd4 4. Nxd4 Nf6 5. Nc3 Nc6 6. Bg5 e6 7. Qd2 Be7 8.
O-O-O Nxd4 9. Qxd4 O-O 10. f4 Qa5 11. Bc4 Bd7 12. e5 dxe5 13. fxe5 Bc6 14. Bd2
Nd7 15. Nd5 Qd8 16. Nxe7+ Qxe7 17. Rhe1 Rfd8 18. Qg4 Nf8 19. h4 Qc5 20. Bb3 Ng6
21. Qg3 h5 22. Bxe6 fxe6 23. Qxg6 Bd5 24. Kb1 Rac8 25. b3 b5 26. Be3 Qc6 27.
Bd4 a5 28. Rd2 a4 29. g4 Bf3 30. gxh5 Bxh5 31. Qxh5 Rxd4 32. Qd1 Rxh4 33. Rd8+
Kh7 34. Qd3+ g6 35. Rd7+ Kh6 36. Qd2+ g5 37. Qd3 Rh8 38. Rd6 Qe8 39. Qf5 1-0

[Event "4NCL Division 1b"]
[Site "Northampton, ENG"]
[Date "2017.01.14"]
[Round "3.72"]
[White "Player, Edmund C"]
[Black "Zakarian, David"]
[Result "1/2-1/2"]
[WhiteElo "2207"]
[BlackElo "2383"]
[PlyCount "107"]
[EventDate "2017.01.14"]
[WhiteTeam "Anglian Avengers 1"]
[BlackTeam "Oxford 1"]

1. e4 c5 2. Nf3 e6 3. d4 cxd4 4. Nxd4 a6 5. c4 Nf6 6. Nc3 Bb4 7. Bd3 Qc7 8. O-O
Nc6 9. Nc2 Be7 10. Be2 d6 11. b3 O-O 12. Be3 b6 13. Qd2 Bb7 14. Rfd1 Ne5 15. f3
Rac8 16. Na4 Ned7 17. Rac1 Bc6 18. Nc3 Rfe8 19. Nd4 Bb7 20. Qe1 Bf8 21. Qf2 Qb8
22. Bf1 d5 23. cxd5 exd5 24. exd5 Qe5 25. Re1 Nxd5 26. Nxd5 Rxc1 27. Rxc1 Bxd5
28. Re1 Ra8 29. Ne2 Bb4 30. Rd1 Be6 31. Bd4 Qd6 32. Qg3 Qxg3 33. hxg3 g5 34.
Be3 Bc5 35. Bxc5 bxc5 36. Nc3 a5 37. Bb5 Nf6 38. Na4 Rb8 39. Be2 c4 40. bxc4
Rb4 41. Nc3 Bxc4 42. Bxc4 Rxc4 43. Rd3 h6 44. Kf2 Kg7 45. g4 Kg6 46. Ke2 h5 47.
gxh5+ Kxh5 48. g3 g4 49. Nd5 gxf3+ 50. Kxf3 Ng4 51. Nf4+ Kg5 52. Rd5+ f5 53.
Nh3+ Kf6 54. Rxa5 1/2-1/2

[Event "4NCL Division 1b"]
[Site "Northampton, ENG"]
[Date "2017.01.14"]
[Round "3.73"]
[White "Eckersley-Waites, Tom"]
[Black "Taylor, Adam C"]
[Result "1-0"]
[WhiteElo "2306"]
[BlackElo "2245"]
[PlyCount "95"]
[EventDate "2017.01.14"]
[WhiteTeam "Oxford 1"]
[BlackTeam "Anglian Avengers 1"]

1. e4 g6 2. d4 a6 3. Nf3 Bg7 4. c4 d6 5. Nc3 Nf6 6. Be2 O-O 7. O-O Bg4 8. Qb3
Nbd7 9. Qxb7 Nb6 10. Nd5 Nfxd5 11. cxd5 Bxf3 12. Bxf3 Bxd4 13. Bh6 Qb8 14. Qc6
Rd8 15. Bg4 Ra7 16. Rac1 Bxb2 17. Rc2 Bd4 18. Rd1 Bc5 19. Rxc5 dxc5 20. Qxc5 c6
21. Rb1 Rb7 22. Qc3 f6 23. Qxc6 Rd6 24. Be6+ Kh8 25. Qc2 Nd7 26. Rc1 Nf8 27.
Bc8 Rb2 28. Qc3 Rb1 29. Bf4 e5 30. Be3 Nd7 31. h4 Rxc1+ 32. Bxc1 Nb6 33. Be6
Rd8 34. Qf3 Kg7 35. h5 Nd7 36. h6+ Kh8 37. Bxd7 Rxd7 38. Qxf6+ Kg8 39. Qe6+ Rf7
40. Ba3 Qb1+ 41. Kh2 Qb8 42. Be7 Qc7 43. d6 Qc1 44. d7 Qxh6+ 45. Kg3 Qf4+ 46.
Kh3 g5 47. d8=Q+ Kg7 48. Bxg5 1-0

[Event "4NCL Division 1b"]
[Site "Northampton, ENG"]
[Date "2017.01.14"]
[Round "3.74"]
[White "Mayhew, Andrew"]
[Black "Martins, David Pires Tavares"]
[Result "0-1"]
[WhiteElo "2215"]
[BlackElo "2383"]
[PlyCount "87"]
[EventDate "2017.01.14"]
[WhiteTeam "Anglian Avengers 1"]
[BlackTeam "Oxford 1"]

1. d4 d6 2. Nf3 f5 3. g3 Nf6 4. Bg2 g6 5. b3 Bg7 6. Bb2 O-O 7. O-O c6 8. Nbd2
a5 9. a4 Na6 10. Ne1 Qc7 11. Nd3 Nb4 12. Nf3 Kh8 13. Re1 Ne4 14. c3 Na6 15. Qc2
Be6 16. Rad1 b5 17. Nd2 Nxd2 18. Rxd2 bxa4 19. bxa4 Bc4 20. e4 fxe4 21. Rxe4
Bd5 22. Re1 Qd7 23. Rde2 Rf7 24. Bc1 Nc7 25. Bg5 Re8 26. h4 Bc4 27. Re4 Nd5 28.
Nb2 Ba6 29. c4 Nb4 30. Qd2 d5 31. cxd5 cxd5 32. Re6 Qa7 33. Rd1 Bc8 34. Re3 Bg4
35. f3 Bd7 36. Rc3 e5 37. Bh6 Bxh6 38. Qxh6 exd4 39. Rcc1 Na2 40. Rc2 d3+ 41.
Rf2 Re2 42. Nxd3 Nc3 43. Rd2 Bf5 44. Nb2 0-1

[Event "4NCL Division 1b"]
[Site "Northampton, ENG"]
[Date "2017.01.14"]
[Round "3.75"]
[White "Rose, Matthew"]
[Black "Talsma, Paul"]
[Result "1/2-1/2"]
[WhiteElo "2250"]
[BlackElo "2207"]
[PlyCount "85"]
[EventDate "2017.01.14"]
[WhiteTeam "Oxford 1"]
[BlackTeam "Anglian Avengers 1"]

1. e4 e5 2. Nf3 Nc6 3. Bc4 Nf6 4. d3 h6 5. c3 d6 6. a4 g6 7. O-O Bg7 8. Nbd2
O-O 9. Re1 Bd7 10. a5 a6 11. Nf1 Nh5 12. Ne3 Nf4 13. d4 Kh7 14. g3 Nh5 15. dxe5
dxe5 16. Nd5 Bg4 17. Be2 Bh3 18. Be3 Nf6 19. Qa4 Bd7 20. Qc2 Nxd5 21. exd5 Ne7
22. Rad1 Nf5 23. Bc5 Nd6 24. Nd2 f5 25. Qb3 Rb8 26. Qb4 Qf6 27. Bf1 Rf7 28.
Bxa6 f4 29. Bd3 Bf5 30. Ne4 Bxe4 31. Bxe4 Nxe4 32. Qxe4 Qg5 33. d6 cxd6 34.
Bxd6 Re8 35. Rd3 Re6 36. Bc5 Ref6 37. Red1 Qg4 38. f3 Qc8 39. Bf2 fxg3 40. Bxg3
Qc5+ 41. Kg2 Qxa5 42. b4 Qa4 43. Rd6 1/2-1/2

[Event "4NCL Division 1b"]
[Site "Northampton, ENG"]
[Date "2017.01.14"]
[Round "3.76"]
[White "Gallagher, Daniel GH"]
[Black "Asenov, Pavel"]
[Result "1/2-1/2"]
[WhiteElo "2192"]
[BlackElo "2290"]
[PlyCount "68"]
[EventDate "2017.01.14"]
[WhiteTeam "Anglian Avengers 1"]
[BlackTeam "Oxford 1"]

1. d4 Nf6 2. Nf3 d5 3. c4 c6 4. Nc3 dxc4 5. a4 Bf5 6. Nh4 e6 7. Nxf5 exf5 8. e3
Bb4 9. Bxc4 O-O 10. O-O Nbd7 11. h3 Rc8 12. g4 fxg4 13. hxg4 c5 14. Ba2 Nb6 15.
g5 Ne8 16. Qh5 cxd4 17. Ne4 Nc4 18. exd4 Qxd4 19. Qg4 Ne5 20. Rd1 Qxb2 21. Qxc8
Qxa1 22. Bb3 Nd6 23. Qc2 Nf3+ 24. Kg2 Nh4+ 25. Kh3 Nxe4 26. Qxe4 Qc3+ 27. Qe3
Qxe3+ 28. Bxe3 Nf3 29. Rd7 b6 30. Rxa7 Bc5 31. Bxc5 bxc5 32. Kg4 Nd4 33. Bd5
Ne6 34. a5 Rd8 1/2-1/2

[Event "4NCL Division 1b"]
[Site "Northampton, ENG"]
[Date "2017.01.14"]
[Round "3.77"]
[White "Claridge-Hansen, William"]
[Black "Munson, Shaun D"]
[Result "1-0"]
[WhiteElo "2283"]
[BlackElo "2161"]
[PlyCount "59"]
[EventDate "2017.01.14"]
[WhiteTeam "Oxford 1"]
[BlackTeam "Anglian Avengers 1"]

1. c4 c5 2. g3 Nc6 3. Bg2 g6 4. Nc3 Bg7 5. Nf3 e5 6. a3 Nge7 7. Rb1 a5 8. O-O
O-O 9. Ne1 d6 10. Nc2 Rb8 11. d3 Nd4 12. b4 axb4 13. axb4 b6 14. bxc5 dxc5 15.
Nxd4 cxd4 16. Nb5 Bb7 17. Bxb7 Rxb7 18. Ba3 Qd7 19. Qa4 Rd8 20. Bxe7 Qxe7 21.
Rb3 Bf8 22. Rfb1 Qd7 23. Qa2 h5 24. Na3 h4 25. Nc2 hxg3 26. hxg3 Bc5 27. Kg2
Qc6+ 28. f3 f5 29. Nb4 e4 30. Nxc6 1-0

[Event "4NCL Division 1b"]
[Site "Northampton, ENG"]
[Date "2017.01.14"]
[Round "3.78"]
[White "York-Andersen, Anna"]
[Black "Varney, Zoe"]
[Result "0-1"]
[WhiteElo "1783"]
[BlackElo "1978"]
[PlyCount "98"]
[EventDate "2017.01.14"]
[WhiteTeam "Anglian Avengers 1"]
[BlackTeam "Oxford 1"]

1. e4 e5 2. Nf3 Nc6 3. d4 exd4 4. Nxd4 Bb4+ 5. c3 Bc5 6. Be3 Bb6 7. Be2 Nf6 8.
Nd2 O-O 9. O-O Re8 10. Nxc6 bxc6 11. Bxb6 axb6 12. Bd3 d5 13. Re1 Ba6 14. Bc2
d4 15. cxd4 Qxd4 16. Nf3 Qxb2 17. Rb1 Qa3 18. e5 Rad8 19. Qc1 Qxc1 20. Rbxc1
Nd5 21. Bb3 c5 22. Ng5 h6 23. Nf3 Nf4 24. Rcd1 Nd3 25. Re3 c4 26. Bc2 Nb4 27.
Rxd8 Rxd8 28. Be4 Rd1+ 29. Re1 Rxe1+ 30. Nxe1 Nxa2 31. Nc2 c5 32. Kf1 Nb4 33.
Nxb4 cxb4 34. Ke1 Kf8 35. Kd2 Ke7 36. Bd5 f6 37. f4 Bb5 38. Kc2 Ba4+ 39. Kd2
c3+ 40. Kc1 fxe5 41. fxe5 b3 42. Kb1 b5 43. h3 b4 44. g4 b2 45. Be4 Ke6 46.
Bf5+ Kxe5 47. h4 Bc6 48. Kc2 Be4+ 49. Bxe4 Kxe4 0-1